000 00754nam a2200181 a 4500
008 160511s2011 ||||||||||||||||| || u
020 _a9780415574846
050 _aBF 531 Fro
100 _aFrosh, Stephen
245 1 0 _aFeelings
_cby Stephen Frosh
260 _aNew York
_bRoutledge
_c2011
300 _a102p.
350 _a25.95
650 _aEMOTIONS--SOCIAL ASPECTS
650 _aEMOTIONS
995 _aMAIN LIBRARY OPEN ACCESS
_e746441
_FCBU-MAIN LIBRARY (Kitwe)
_I25.95
_jBF 531 Fro
_M1
_UAVAILABLE
_WMay 13, 2016
_y746441
_ZMain Library Open Access Collection
995 _aKAPASA MAKASA LIBRARY OPEN ACCESS
_e746440
_FCBU-KAPASA MAKASA LIBRARY (Chinsali)
_I25.95
_jBF 531 Fro
_M2
_UAVAILABLE
_WMay 23, 2018
_y746440
_ZKapasa Makasa Library Open Acess Collection
999 _c63006
_d63006